|
|
|
|
| LEADER |
00000nas a2200000 a 4500 |
| 001 |
ssj0006258 |
| 003 |
WaSeSS |
| 005 |
20200512172242.0 |
| 006 |
m d |
| 007 |
cr n |
| 008 |
890511d19891994ndubr p s 0 a0eng c |
| 010 |
|
|
|a sn 89000020
|
| 016 |
7 |
|
|a 9012909
|2 DNLM
|
| 016 |
7 |
|
|a SR0066263
|2 DNLM
|
| 022 |
|
|
|l 1044-1522
|y 1044-1522
|
| 035 |
|
|
|a (WaSeSS)ssj0006258
|
| 037 |
|
|
|b Healthy Living Institute, 402 S. 14th St., Hettinger, ND 58639
|
| 040 |
|
|
|a NSD
|b eng
|c NSD
|d NLM
|d AGL
|d NLM
|d NST
|d AGL
|d NSD
|d AGL
|d OCLCQ
|d CUS
|d OCLCQ
|d OCLCF
|d OCLCQ
|d OCLCO
|d OCLCA
|d WaSeSS
|
| 042 |
|
|
|a nsdp
|a pcc
|
| 050 |
1 |
4 |
|a RC628.O24
|
| 060 |
0 |
0 |
|a W1
|b OB402I
|
| 070 |
0 |
|
|a RC628.O24
|
| 072 |
|
0 |
|a X380
|
| 082 |
1 |
0 |
|a 613
|2 11
|
| 210 |
0 |
|
|a Obes. health
|
| 222 |
|
0 |
|a Obesity & health
|
| 245 |
0 |
0 |
|a Obesity & health
|h [electronic resource].
|
| 246 |
3 |
0 |
|a Obesity and health
|
| 260 |
|
|
|a Hettinger, ND :
|b Healthy Living Institute,
|c ©1989-1994.
|
| 310 |
|
|
|a Bimonthly,
|b -1994
|
| 321 |
|
|
|a Monthly,
|b 1989-
|
| 362 |
0 |
|
|a Vol. 3, no. 8 (Aug. 1989)-v. 8, no. 2 (Mar./Apr. 1994).
|
| 500 |
|
|
|a Title from caption.
|
| 506 |
|
|
|a License restrictions may limit access.
|
| 650 |
|
0 |
|a Obesity
|v Periodicals.
|
| 650 |
|
7 |
|a Obesity.
|2 fast
|0 (OCoLC)fst01042738
|
| 650 |
|
2 |
|a Health.
|
| 650 |
|
2 |
|a Obesity.
|
| 655 |
|
0 |
|a Electronic journals.
|
| 710 |
2 |
|
|a Healthy Living Institute.
|
| 780 |
0 |
0 |
|t International obesity newsletter
|w (OCoLC)20423420
|
| 785 |
0 |
0 |
|t Healthy weight journal
|x 1075-0169
|w (DLC)sn 94004825
|w (OCoLC)29917355
|
| 850 |
|
|
|a DNAL
|a DNLM
|a DeU
|a ViBlbV
|
| 856 |
4 |
0 |
|z Full text available from Research Library: 01/01/1994 to 04/30/1994
|u https://search.proquest.com/publication/44569
|